000 00496nam a2200181Ia 4500
005 20250326142819.0
008 250326s9999 xx 000 0 und d
037 _aTextbook
040 _aFMSL
_beng
_cFMSL
041 _aeng
_2eng
084 _aX:8x M4
_qFMSL
100 _aCharnes A
_9156148
245 0 _aCreative and innovative management
_cCharnes A; Cooper W W
260 _aUSA
_bUSA, Ballinger
_c1984
300 _a399p
942 _cTB
_hX:8x M4
999 _c1296750
_d1296750